Tables of functions with formulae and curves : (Record no. 6670)
[ view plain ]
| 000 -LEADER | |
|---|---|
| fixed length control field | 01053nam a2200289 a 4500 |
| 001 - CONTROL NUMBER | |
| control field | 6670 |
| 003 - CONTROL NUMBER IDENTIFIER | |
| rucl marc code | BD-RjUL |
| 005 - DATE AND TIME OF LATEST TRANSACTION | |
| control field | 20211208234305.0 |
| 008 - FIXED-LENGTH DATA ELEMENTS--GENERAL INFORMATION | |
| fixed length control field | 110114s1945 nyu 000 0 eng d |
| 035 ## - SYSTEM CONTROL NUMBER | |
| System control number | (BD-RjUL)6711 |
| 040 ## - CATALOGING SOURCE | |
| Original cataloging agency | BD-RjUL |
| Language of cataloging | eng |
| Transcribing agency | BD-RjUL |
| 041 0# - LANGUAGE CODE | |
| Language code of text/sound track or separate title | eng |
| -- | ger |
| 082 ## - DEWEY DECIMAL CLASSIFICATION NUMBER | |
| Classification number | 517.55 |
| Author mark and year | JAT 1945 |
| 100 1# - MAIN ENTRY--PERSONAL NAME | |
| Personal name | Jahnke, E. |
| Fuller form of name | (Eugen), |
| Dates associated with a name | 1863-1921. |
| 9 (RLIN) | 20963 |
| 245 10 - TITLE STATEMENT | |
| Title | Tables of functions with formulae and curves : |
| Remainder of title | Funktionentafeln mit Formeln und Kurven / |
| Statement of responsibility, etc. | by Eugene Jahnke and Fritz Emde. |
| 246 31 - VARYING FORM OF TITLE | |
| Title proper/short title | Funktionentafeln mit Formeln und Kurven |
| 250 ## - EDITION STATEMENT | |
| Edition statement | 4th ed., enl. rev. ed. |
| 260 ## - PUBLICATION, DISTRIBUTION, ETC. (IMPRINT) | |
| Place of publication, distribution, etc. | New York : |
| Name of publisher, distributor, etc. | Dover ; |
| Place of publication, distribution, etc. | London : |
| Name of publisher, distributor, etc. | Constable, |
| Date of publication, distribution, etc. | 1945. |
| 300 ## - PHYSICAL DESCRIPTION | |
| Pagination | 306, 76 p. ; |
| Size | 23 cm. |
| 500 ## - GENERAL NOTE | |
| General note | German or English. |
| General note | "Published and distributed in the public interest by authority of the alien property custodian under license no. A-57." |
| 504 ## - BIBLIOGRAPHY, ETC. NOTE | |
| Bibliography, etc | Includes bibliographies. |
| 650 #0 - SUBJECT ADDED ENTRY--TOPICAL TERM | |
| Topical term or geographic name as entry element | Functions. |
| 9 (RLIN) | 20964 |
| Topical term or geographic name as entry element | Mathematics |
| Form subdivision | Tables. |
| 9 (RLIN) | 20965 |
| 700 1# - ADDED ENTRY--PERSONAL NAME | |
| Personal name | Emde, Fritz, |
| Dates associated with a name | 1873-1951 |
| 942 ## - ADDED ENTRY ELEMENTS (KOHA) | |
| Source of classification or shelving scheme | Dewey Decimal Classification |
| Koha item type | Books |
| Lost status | Source of classification or shelving scheme | Damaged status | Not for loan | Collection code | Permanent Location | Current Location | Shelving location | Date acquired | Total Checkouts | Full call number | Date last seen | Copy number | Koha item type | Source of acquisition | Cost, normal purchase price |
|---|---|---|---|---|---|---|---|---|---|---|---|---|---|---|---|
| Dewey Decimal Classification | Not For Loan | Non-fiction | Central Library, University of Rajshahi | Central Library, University of Rajshahi | 11/01/2014 | 517.55 JAT 1945 | 11/01/2014 | C-1 | Books | ||||||
| Dewey Decimal Classification | Non-fiction | Central Library, University of Rajshahi | Central Library, University of Rajshahi | 31/01/1962 | 517.55 JAT 1945 | 27/08/2017 | C-2 | Books | B.H.Blackwell, England | 1.16 |